| 000 | 01375nam a2200361 c 4500 | ||
|---|---|---|---|
| 999 |
_c193894 _d193894 |
||
| 003 | BLK | ||
| 005 | 20250127145638.0 | ||
| 008 | 180411b bul|||||r ||||||| ||bul|| | ||
| 010 | _aKNG00203117000 | ||
| 020 | _a978-954-8689-94-6 | ||
| 040 | _aBLK | ||
| 041 |
_aBUL _cBUL |
||
| 072 | 7 |
_2bullib _aН83 _xЧужда художествена литература Н |
|
| 080 |
_aХърватска литература _b821.163.42 _x-31 _z821.163.42-31 |
||
| 100 | 1 |
_aДежулович, Борис _eпърви автор _959302 |
|
| 139 |
_aДежулович, Борис _bД 33 |
||
| 245 | 1 | 0 |
_aМайната им на хилядата динара _cБорис Дежулович; Русанка Костова Ляпова. |
| 257 | _aCRO | ||
| 260 |
_bЕРГО _c2016 _fСофия : Диджитал принт експрес |
||
| 300 |
_a246 с. _c20 см |
||
| 380 | _aX | ||
| 490 | 1 | _aМодерна европейска проза | |
| 500 | _aОриг. загл.: Jebo sad hiljadu dinara. - Биография: с. 240-243 | ||
| 659 | _aН | ||
| 700 | 1 |
_aЛяпова, Русанка Костова _9368468 |
|
| 852 | _aЦб 284628 | ||
| 856 | 4 | _qpdf | |
| 856 | 4 | _qpdf | |
| 942 |
_cKNG _n0 _s1 _06 |
||
| 944 |
_aCR _c15.03.2017 _k30576 _lЦветомила Тодорова |
||
| 944 |
_aED _c15.03.2017 _kПенка_Димитрова |
||
| 999 | _d193894 | ||